Missing Word: Songs by Male Country Singers Quiz Stats

 Plays Quiz Updated Jul 22, 2017

Score 0/20 Timer 05:00
1 Play Today
Hint Answer % Correct
Tim McGrawLive
88.5%
Alan JacksonSomewhere
88.2%
Blake SheltonWords
73.3%
Tim McGrawSmile
72.4%
Luke BryanParty
69.5%
Tim McGrawKind
66.8%
Luke BryanEvery
66.5%
Blake SheltonBee
65.4%
Luke BryanDust
64.9%
Blake SheltonBoys
63.2%
Hint Answer % Correct
Tim McGrawTake
59%
Alan JacksonRemember
56.9%
Luke BryanNight
54.9%
Alan JacksonJukebox
53.1%
Blake SheltonRed
51.9%
Luke BryanCountry
45%
Blake SheltonBeach
38.4%
Tim McGrawHighway
34.8%
Alan JacksonBitty
26.5%
Alan JacksonSummertime
22.7%

Today's Daily Dose

Missing Word
Bible Verses

Quick Pick
Brad Pitt Roles

On This Day
July 21st II

You're not logged in!

Compare scores with friends on all Sporcle quizzes.
Join for Free
OR
Log In

You Might Also Like...

Show Comments

Extras

Top Quizzes Today


Score Distribution

Your Account Isn't Verified!

In order to create a playlist on Sporcle, you need to verify the email address you used during registration. Go to your Sporcle Settings to finish the process.

Report this User

Report this user for behavior that violates our Community Guidelines.

Details: